000 00246nam a22001097a 4500
008 170125b xxu||||| |||| 00| 0 eng d
020 _a0070331200
041 _aeng
080 _24TH
_a61
245 _aCLINICAL ETHICS
_cJONSEN, A.R
942 _2udc
_cBK
999 _c3691
_d3691